000 02989nam a2200457Ii 4500
001 9781787431652
003 UtOrBLW
005 20210303084951.0
006 m o d
007 cr un|||||||||
008 170830s2017 enk ob 001 0 eng d
020 _a9781787431652
_q(e-book)
040 _aUtOrBLW
_beng
_erda
_cUtOrBLW
043 _an-us-ia
050 4 _aHM499
_b.C37 2017
072 7 _aJHBA
_2bicssc
072 7 _aSOC026040
_2bisacsh
080 _a316.4
082 0 4 _a302
_223
245 0 0 _aCarl J. Couch and the Iowa School :
_bin his own words and in reflection /
_cedited by Michael A. Katovich.
264 1 _bEmerald Publishing Limited,
300 _a1 online resource (xxv, 182 pages).
490 1 _aStudies in symbolic interaction,
_x0163-2396 ;
_vv. 49
500 _aIncludes index.
504 _aIncludes bibliographical references.
505 0 _aPrelims -- The romance of discovery By Carl J. Couch -- Social scientific foundations of discovery -- Reflections -- Selected bibliography on the Iowa School -- About the authors -- Index.
520 _aIn this new volume of Studies in Symbolic Interaction, Carl J. Couch's (1925-1994) memoir The Romance of Discovery, which has lain unpublished for thirty years, is published in full for the first time. Couch, one of the co-founders of the Society for the Study of Symbolic Interaction, reflects on his work that influenced a generation of scholars and created a novel perspective known as the new Iowa School of Symbolic Interaction. His memoir describes the joy of establishing synergetic connections and the pain of the political struggles associated with the establishment of this school of thought. It offers a frank, proud yet humble, unapologetic description of a scholar's journey, from a successful research to a founder of a school of thought. It provides a readable and valuable 'moral tale' of how research is not only a social act, but charged with political and conflictual dynamics as well. Edited and set in context by Michael A. Katovich, the volume also includes Couch's unpublished essay 'Forms of Social Processes' which sets out a theory of his methodology. Friends and colleagues offer their personal reflections on their relationship with Couch, and the volume concludes with a unique selected bibliography on new Iowa School works.
588 0 _aPrint version record
650 0 _aSymbolic interactionism
_zIowa.
610 2 0 _aSociety for the Study of Symbolic Interaction.
650 7 _aSocial Science
_xSociology / Social Theory.
_2bisacsh
650 7 _aSocial theory.
_2bicssc
700 1 _aKatovich, Michael A.,
_eeditor.
776 _z9781787431669
830 0 _aStudies in symbolic interaction ;
_v49.
856 4 0 _uhttps://www.emerald.com/insight/publication/doi/10.1108/S0163-2396201749
999 _c30271
_d30271